000 00641nam a2200253Ia 4500
003 OSt
005 20250920094326.0
008 210210b2013 xxu||||| |||| 00| 0 eng d
020 _a9780521863193
040 _cAL
041 _aeng
082 _a428.203 PETC
100 _aPam Peters
_9239811
245 _aCambridge dictionary of English grammar
260 _aUK
_bCambridge University Press
_c2013
300 _aviii,391p
650 _agrammar
_9239813
650 _aEnglish
_9239814
650 _adictionary
_9239815
650 _aCambridge
_9239816
690 _aEnglish Usage
_9239817
906 _a068716
942 _2ddc
_cBK
999 _c152890
_d152890